MARC details
| 000 -LEADER |
| fixed length control field |
01174 a2200301 4500 |
| 001 - CONTROL NUMBER |
| control field |
200421410 |
| 003 - CONTROL NUMBER IDENTIFIER |
| control field |
TR-AnTOB |
| 005 - DATE AND TIME OF LATEST TRANSACTION |
| control field |
20240815150616.0 |
| 008 - FIXED-LENGTH DATA ELEMENTS--GENERAL INFORMATION |
| fixed length control field |
150220s tu 000 0 |
| 020 ## - INTERNATIONAL STANDARD BOOK NUMBER |
| International Standard Book Number |
9759428407 |
| 040 ## - CATALOGING SOURCE |
| Original cataloging agency |
TR-AnTOB |
| Language of cataloging |
eng |
| Description conventions |
rda |
| Transcribing agency |
TR-AnTOB |
| 041 0# - LANGUAGE CODE |
| Language code of text/sound track or separate title |
Türkçe |
| 050 00 - LIBRARY OF CONGRESS CALL NUMBER |
| Classification number |
BF128.T9 |
| Item number |
K37 1999 |
| 090 ## - LOCALLY ASSIGNED LC-TYPE CALL NUMBER (OCLC); LOCAL CALL NUMBER (RLIN) |
| Classification number (OCLC) (R) ; Classification number, CALL (RLIN) (NR) |
BF128.T9 K37 1999 |
| 100 ## - MAIN ENTRY--PERSONAL NAME |
| Personal name |
Karakuşçu, M. Nail, |
| Dates associated with a name |
1914- |
| 9 (RLIN) |
115560 |
| 245 10 - TITLE STATEMENT |
| Title |
Genel psikoloji ve normal davranışlar / |
| Statement of responsibility, etc. |
M. Nail Karakuşçu. |
| 250 ## - EDITION STATEMENT |
| Edition statement |
second edition |
| 264 ## - PRODUCTION, PUBLICATION, DISTRIBUTION, MANUFACTURE, AND COPYRIGHT NOTICE |
| Place of production, publication, distribution, manufacture |
Ankara : |
| Name of producer, publisher, distributor, manufacturer |
Pelin Ofset, |
| Date of production, publication, distribution, manufacture, or copyright notice |
1999. |
| 300 ## - PHYSICAL DESCRIPTION |
| Extent |
xii, 292 pages.; |
| Dimensions |
24 cm |
| 336 ## - CONTENT TYPE |
| Content type term |
text |
| Source |
rdacontent |
| Content type code |
txt |
| 337 ## - MEDIA TYPE |
| Media type term |
unmediated |
| Source |
rdamedia |
| Media type code |
n |
| 338 ## - CARRIER TYPE |
| Carrier type term |
volume |
| Source |
rdacarrier |
| Carrier type code |
nc |
| 505 ## - FORMATTED CONTENTS NOTE |
| Formatted contents note |
I.Kısım : Psikolojinin Kaynakları ve Esasları-- II.Kısım : Zihin İşlevleri-- III.Kısım : Duygusal Yaşantı Veya Doğal Yaşantı-- IV.Kısım : Gelişme ve Çocuk Psikolojisi,Öğretim ve Eğitim-- V.Kısım : İradeli(İstemli)Yaşantı(Düşünmek,Davranışlar ve Zaka)--VI.Kısım :Topluma Uyum,Kişilik,Birey |
| 650 07 - SUBJECT ADDED ENTRY--TOPICAL TERM |
| Topical term or geographic name entry element |
Psikoloji |
| Source of heading or term |
etuturkob |
| 9 (RLIN) |
6750 |
|
| Topical term or geographic name entry element |
Psikoloji |
| Source of heading or term |
etuturkob |
| 9 (RLIN) |
6750 |
| 942 ## - ADDED ENTRY ELEMENTS (KOHA) |
| Koha item type |
Book |
| Source of classification or shelving scheme |
Library of Congress Classification |